Statistics for Capital City at Opposite Latitude

Click here to take the quiz!

General Stats

  • This quiz has been taken 22 times
  • The average score is 12 of 20

Answer Stats

#Capital CityCapital City at Opposite Lat% Correct
8WellingtonTirana, Baku, Madrid, Tbilisi, Rome, Skopje, Tashkent, Vatican City
77%
5AbujaLuanda, Port Moresby, Honiara, Dili, Funafuti
77%
5CanberraKabul, Nicosia, Tehran, Tokyo, Valletta
77%
7AntananarivoSanto Domingo, Port-au-Prince, Kingston, Vientiane, Naypyidaw, Nouakchott, Mexico City
69%
2BangkokLilongwe, Apia
69%
5BrasiliaPraia, Roseau, Asmara, Khartoum, Sanaa
69%
2TokyoCanberra, Montevideo
69%
5Panama CityLuanda, Port Moresby, Honiara, Dili, Funafuti
69%
6KampalaQuito, Libreville, Nairobi, Sao Tome, Kampala, Yaren
69%
1RomeWellington
62%
2Abu DhabiGaborone, Asuncion
62%
5Buenos AiresKabul, Nicosia, Beirut, Rabat, Islamabad
62%
1CairoMaseru
62%
10JakartaPorto-Novo, Yamoussoukro, Palikir, Accra, Georgetown, Colombo, Monrovia, Majuro, Paramaribo, Lome
62%
3PraiaBrasilia, Lilongwe, Lusaka
54%
2HanoiPort Louis, Nuku'alofa
46%
2PalikirJakarta, Dodoma
38%
8VictoriaBandar Seri Begawan, Bangui, Yaounde, Bogota, Accra, Malabo, Male, Juba
38%
1HavanaWindhoek
31%
7SuvaBelmopan, Santo Domingo, Port-au-Prince, Kingston, Basseterre, Vientiane, Nouakchott
31%

Score Distribution

Percentile by Number Answered

Percent of People with Each Score

Your Score History

You have not taken this quiz